Fill in the Blanks K-pop (Twice Ver.) - Statistics

General Stats
  • This quiz has been taken 61 times
  • The average score is 6 of 17
Answer Stats
Hint Answer % Correct
Hey, I ____ you (No, no!!) love
69%
Tell me that you'll be my ____ baby
65%
If you wanna have some ____ fun
55%
ayyy, you're gonna be my ____ babe
53%
_____ with lime mojito
53%
So you're under my ______ control
43%
Bring me, bring me the spark in my _____ veins
43%
Uh, come take a ____ at me, I gotcha shot
39%
But I know every time you ____, got me frozen move
37%
You pull me over to the ___, ____, ____ line red
37%
I'm losing all my ______ senses
31%
Be a ____, be a ____ man
29%
There's no ______, N and O letters
24%
Don't stop and just _____, ______ replay
20%
I'm gonna tell you ______ straight
14%
I ___ it to you owe
12%
'Cause I _____ it, ______ it deserve
6%
No matching quizzes found
Score Distribution
Percent of People with Each Score
Percentile by Number Answered
Your Score History
You have not taken this quiz